| 000 | 00704nam a2200253Ia 4500 | ||
|---|---|---|---|
| 003 | OSt | ||
| 005 | 20221007111909.0 | ||
| 006 | a|||||r|||| 00| 0 | ||
| 007 | ta | ||
| 008 | 221006b |||||||| |||| 00| 0 eng d | ||
| 020 | _a8189619209 | ||
| 024 | _a24,516 | ||
| 037 | _cTextual | ||
| 040 |
_aLCO _cLCO _beng |
||
| 041 |
_2eng _aeng |
||
| 082 | _aY15:45:6, P9 | ||
| 100 |
_aGanguly D.K. _998809 |
||
| 245 | 0 | _aCommentary on Protection of Women from Domestic Violence Act, 2005 | |
| 260 |
_aAllahabad _bDwivedi Law Agency India _c2009 |
||
| 300 | _a1114 | ||
| 650 |
_aDOMESTIC VILOLENCE _9708603 |
||
| 942 |
_hY15:45:6, P9 _cTEXL |
||
| 999 |
_c1194079 _d1194079 |
||